000 00470nam a2200157Ia 4500
008 100122s9999 xx 000 0 und d
082 _b20564
_a823.08
100 _aदेशपांडे ना व्य
245 _aअशी ही माणसेच
250 _a1
260 _bअमेय प्रकाशन
_c1974
300 _a214
630 _aअशी ही माणसेच
730 _aअशी ही माणसेच
942 _cBOOK
999 _c409092
_d409089